The Porcupine gold placer district, Alaska, (Record no. 25976)

MARC details
000 -LEADER
fixed length control field 00826cam a22002411 4500
001 - CONTROL NUMBER
control field gs 20000006
003 - CONTROL NUMBER IDENTIFIER
control field DLC
005 - DATE AND TIME OF LATEST TRANSACTION
control field 20260227111324.0
008 - FIXED-LENGTH DATA ELEMENTS--GENERAL INFORMATION
fixed length control field 770317s1919 dcubf f00010 eng c
010 ## - LIBRARY OF CONGRESS CONTROL NUMBER
LC control number gs 20000006
040 ## - CATALOGING SOURCE
Original cataloging agency U.S. Geol. Survey. Library.
043 ## - GEOGRAPHIC AREA CODE
Geographic area code n-us-ak
050 0# - LIBRARY OF CONGRESS CALL NUMBER
Classification number QE75
Item number .B9 no. 699
051 ## - LIBRARY OF CONGRESS COPY, ISSUE, OFFPRINT STATEMENT
Classification number TN423.A7
Item number E3
Copy information Copy 2.
100 10 - MAIN ENTRY--PERSONAL NAME
Personal name Eakin, Henry Miner,
Dates associated with a name 1883-1936.
245 14 - TITLE STATEMENT
Title The Porcupine gold placer district, Alaska,
Statement of responsibility, etc. by Henry M. Eakin.
260 0# - PUBLICATION, DISTRIBUTION, ETC.
Place of publication, distribution, etc. Washington,
Name of publisher, distributor, etc. Govt. print. off.,
Date of publication, distribution, etc. 1919.
300 ## - PHYSICAL DESCRIPTION
Extent 29 p.
Other physical details viii pl. (part fold., incl. maps)
Dimensions 24 cm.
490 0# - SERIES STATEMENT
Series statement United States. Geological survey. Bulletin 699
500 ## - GENERAL NOTE
General note At head of title: Department of the interior.
500 ## - GENERAL NOTE
General note Many plates printed on both sides of leaf.
650 #0 - SUBJECT ADDED ENTRY--TOPICAL TERM
Topical term or geographic name entry element Gold mines and mining
Geographic subdivision Alaska.

No items available.

Powered by Koha